| 000 | 00543nam a2200181Ia 4500 | ||
|---|---|---|---|
| 008 | 140527s9999 xx 000 0 und d | ||
| 020 | _a9781412903493 | ||
| 050 |
_aHF 1379 _b.M526 2011 |
||
| 100 | _aMenipaz, Ehud | ||
| 245 |
_aInternational business : _btheory and practice / _cEhud Menipaz, Amit Menipaz. |
||
| 260 |
_aThousand Oaks, CA : _bSAGE Publications Inc, _cc2011. |
||
| 300 |
_a649 p. : _c23 cm. |
||
| 500 | _aIncludes index. | ||
| 521 | _aBSBA | ||
| 650 | _aInternational trade | ||
| 942 |
_kFOR _cBK |
||
| 999 |
_c117393 _d117393 |
||